Quiz sulla Guinea Equatoriale - Statistics

Statistiche generali
  • Questo quiz è stato fatto 360 volte
  • Il punteggio medio è 9 su 15
Statistiche sulle risposte
Hint Risposta % Corretto
Lingue ufficiale Francese
94%
La Guinea Equatoriale si trova nei pressi di questa linea che in realtà non tocca Equatore
93%
Gabon
92%
Paesi confinanti Camerun
91%
Spagnolo
85%
Città ex-capitale di Stato Malabo
76%
Portoghese
74%
La Guinea Equatoriale è il terzo paese africano più ______, dietro solo a Seychelles e Mauritius Ricco
67%
Di gran lunga l'esportazione più importante della Guinea Equatoriale Petrolio
63%
Città ancora in costruzione che nel 2026 è diventata capitale del Paese Ciudad de la {Paz}
43%
Gruppo etnico più grande F{ang}
37%
La città più popolosa (suggerimento: condivide il suo nome con un'azienda di scarpe ceca) Bata
36%
Isola sulla quale è situata la capitale Bioko
36%
Nome per la parte continentale della Guinea Equatoriale Rio {Muni}
30%
Tuttavia, ha anche il tasso di __________ di reddito più alto al mondo, misurato dal coefficiente GINI Diseguaglianza
24%
Nessun quiz corrispondente trovato
Distribuzione punteggi
Percentuale di utenti per punteggio
Percentile per numero di risposta
I tuoi punteggi nel tempo
Non hai fatto questo quiz